000 00474nam a2200145 4500
999 _c7698
_d7698
008 171109b xxu||||| |||| 00| 0 eng d
022 _a01181831
082 _aDPer 613.05 H34 Jul-Nov 2013
100 _923167
_aFloresca, Ruth M.
245 _aHealth and wellness in a pot/
_cRuth M. Floresca.
260 _aPhilippines:
_bMIMS Pte Ltd KDN,
_c©2013.
300 _apages 14-16:
_billustrations;
_c28 cm.
650 0 _923168
_aHerbs
_xTherapeutic use.
942 _2ddc
_cPER